01418nam a22003017a 4500999001500000001000600015003000900021005001700030008004100047020001800088040003800106082001900144100002500163245008400188260005300272300004700325504005100372650003200423650001100455650002000466700001800486942001200504952013200516952011700648952011700765952011700882952011700999 c5548d554820861BD-DhUAP20201215105725.0201215s20132003ii a|||| |||| 001 0 eng d a9788120320840 aBD-DhUAPbEngcBD-DhUAPdBD-DhUAP 223a629.04 CHA aChakroborty, Partha. aPrinciples of transportation engineering /cPartha Chakroborty and Animesh Das. aDelhi : bPHI Learning,cc2003 [Reprinted 2013]. axiii, 520 pages :billustrations ;c29 cm. aIncludes bibliographical references and index. aTransportation engineering. aRoads. aTransportation. aDas, Animesh. 2ddccBK 00102ddc4070aUAPCLbUAPCLcGeneral Stacksd2020-12-15l1o629.04 CHAp3010020861r2023-09-14s2023-09-13t1w2020-12-15yBK 00102ddc4070aUAPCLbUAPCLcGeneral Stacksd2020-12-15o629.04 CHAp3010020862r2020-12-15t2w2020-12-15yBK 00102ddc4070aUAPCLbUAPCLcGeneral Stacksd2020-12-15o629.04 CHAp3010020863r2020-12-15t3w2020-12-15yBK 00102ddc4070aUAPCLbUAPCLcGeneral Stacksd2020-12-24o629.04 CHAp3010008539r2020-12-24t4w2020-12-24yBK 00102ddc4070aUAPCLbUAPCLcGeneral Stacksd2020-12-24o629.04 CHAp3010012691r2020-12-24t5w2020-12-24yBK